书目信息 |
| 题名: |
建筑结构损伤控制设计
|
|
| 作者: | 和田章, , 岩田卫, , 清水敬三 著 ;曲哲, , 裴星洙, 译 | |
| 分册: | ||
| 出版信息: | 北京 中国建筑工业出版社 2014 |
|
| 页数: | 17, 218页 | |
| 开本: | 21cm | |
| 丛书名: | ||
| 单 册: | ||
| 中图分类: | TU311 | |
| 科图分类: | ||
| 主题词: | 建筑结构--jian zhu jie gou--损伤(力学)--设计 | |
| 电子资源: | ||
| ISBN: | 978-7-112-16378-6 | |
| 000 | 01273cam0 2200337 450 | |
| 001 | 0100003976 | |
| 005 | 20191106094439.39 | |
| 010 | @a978-7-112-16378-6@dCNY29.00 | |
| 100 | @a20141127d2014 em y0chiy50 ea | |
| 101 | 1 | @achi@cjpn |
| 102 | @aCN@b110000 | |
| 105 | @aak a 000yy | |
| 200 | 1 | @a建筑结构损伤控制设计@Ajian zhu jie gou sun shang kong zhi she ji@f(日) 和田章 ... [等] 著@g曲哲, 裴星洙译 |
| 210 | @a北京@c中国建筑工业出版社@d2014 | |
| 215 | @a17, 218页@c图@d21cm | |
| 304 | @a和田章, 岩田卫, 清水敬三等著 | |
| 305 | @a据原书1998年日文版译出 | |
| 306 | @a由日本丸善出版株式会社授权出版 | |
| 312 | @a英文并列题名取自封面 | |
| 320 | @a有书目 | |
| 330 | @a本书分6章,分别为绪论、结构动力学基础、损伤控制结构的基本原理、损伤控制结构基本分析中的结构动力学、损伤控制设计的应用与讨论、地震风险管理。 | |
| 510 | 1 | @aDamage control-based design of buildings@zeng |
| 606 | 0 | @a建筑结构@Ajian zhu jie gou@x损伤(力学)@x设计 |
| 690 | @aTU311@v5 | |
| 701 | 0 | @a和田章,@Ahe tian zhang@f1946-@4著 |
| 701 | 0 | @a岩田卫,@Ayan tian wei@f1947-@4著 |
| 701 | 0 | @a清水敬三@Aqing shui jing san@4著 |
| 702 | 0 | @a曲哲,@Aqu zhe@f1983-@4译 |
| 702 | 0 | @a裴星洙,@Apei xing zhu@f1954-@4译 |
| 801 | 0 | @aCN@c20161103 |
| 905 | @a河南城建学院图书馆@dTU311@eH230 | |
| 建筑结构损伤控制设计/(日) 和田章 ... [等] 著/曲哲, 裴星洙译.-北京:中国建筑工业出版社,2014 |
| 17, 218页:图;21cm |
| ISBN 978-7-112-16378-6:CNY29.00 |
| 本书分6章,分别为绪论、结构动力学基础、损伤控制结构的基本原理、损伤控制结构基本分析中的结构动力学、损伤控制设计的应用与讨论、地震风险管理。 |
| ● |
| 相关链接 |
|
|
|
正题名:建筑结构损伤控制设计
索取号:TU311/H230
 
预约/预借
| 序号 | 登录号 | 条形码 | 馆藏地/架位号 | 状态 | 备注 |
| 1 | 1290737 | 212907372 | 土木与交通工程学院资料室/ [索取号:TU311/H230] | 在馆 | |
| 2 | 1290738 | 212907381 | 土木与交通工程学院资料室/ [索取号:TU311/H230] | 在馆 | |
| 3 | 1307232 | 213072324 | 建筑库101/101建筑库 77排2列5层/ [索取号:TU311/H230] | 在馆 | |
| 4 | 1307233 | 213072333 | 建筑库101/101建筑库 77排2列5层/ [索取号:TU311/H230] | 在馆 | |
| 5 | 1307234 | 213072342 | 建筑库101/101建筑库 77排2列5层/ [索取号:TU311/H230] | 在馆 |